000
00373nam a2200145Ia 4500
008
100122s9999 xx 000 0 und d
082
_b
29960
_a
823
100
_a
राजे शैलजा
245
_a
सावट
260
_b
प्रमोद प्रकाशन
_c
1905
300
_a
195
630
_a
सावट
730
_a
सावट
942
_c
BOOK
999
_c
415017
_d
415014